TV Shows Putting on a Show! Quiz Stats

 Plays Quiz Updated Sep 16, 2017

Also try: Games In TV Shows
Challenge
Share
Tweet
Score 0/20 Timer 05:00
1 Play Today
% Correct
South Park
97.4%
Family Guy
95.8%
Malcolm in the Middle
89.7%
The Brady Bunch
89.3%
How I Met Your Mother
86.2%
That '70s Show
85.3%
Modern Family
83.4%
American Dad!
82.4%
Bob's Burgers
79.6%
I Love Lucy
77.9%
% Correct
Full House
77.2%
Gilligan's Island
73.8%
It's Always Sunny in Philadelphia
71.8%
Hey Arnold!
66.6%
Laverne & Shirley
58.2%
Curb Your Enthusiasm
50.8%
The Office
50.1%
The Love Boat
46.9%
Everybody Loves Raymond
43.1%
The Goldbergs
38.9%

You're not logged in!

Compare scores with friends on all Sporcle quizzes.
OR
Log In

You Might Also Like...

Show Comments

Extras

Top Quizzes Today


Score Distribution

Your Account Isn't Verified!

In order to create a playlist on Sporcle, you need to verify the email address you used during registration. Go to your Sporcle Settings to finish the process.

Report this User

Report this user for behavior that violates our Community Guidelines.

Details: